|
|
|
|
| LEADER |
00908nam a2200229 a 4500 |
| 001 |
GR-Patra382 |
| 008 |
991022s1988 nyu g 000 b eng d |
| 020 |
|
|
|a 0070458669
|
| 040 |
|
|
|a GrPaTEI
|b gre
|c GR-PaULI
|
| 082 |
|
0 |
|a 624.25
|
| 100 |
1 |
|
|a Nakai, Hiroshi
|
| 245 |
1 |
0 |
|a Analysis and design of curved steel bridges /
|c Hiroshi Nakai, Chai Hong Yoo.
|
| 260 |
|
|
|a New York :
|b McGraw-Hill,
|c c1988
|
| 300 |
|
|
|a xi, 673σ. :
|b εικ.
|
| 653 |
|
|
|a ΓΕΦΥΡΕΣ, ΜΕΤΑΛΛΙΚΕΣ - ΚΑΤΑΣΚΕΥΗ
|
| 653 |
|
|
|a ΓΕΦΥΡΕΣ, ΜΕΤΑΛΛΙΚΕΣ - ΣΧΕΔΙΑΣΜΟΣ
|
| 700 |
1 |
|
|a Yoo, Chai Hong
|
| 710 |
0 |
|
|a McGraw-Hill
|
| 942 |
|
|
|2 ddc
|
| 952 |
|
|
|0 0
|1 0
|2 ddc
|4 0
|6 624_250000000000000_NAK
|7 0
|9 281142
|a LISK
|b LISK
|c BSC
|d 2021-01-17
|e 24
|f 0
|g 0.00
|l 0
|o 624.25 NAK
|p 9241003092
|r 2021-01-17 00:00:00
|t 1
|w 2021-01-17
|y BK15
|x 19991024 0 1
|x GrPaTEI
|
| 971 |
|
|
|a .b26478766
|b 01-10-20
|c 23-09-16
|
| 999 |
|
|
|c 163691
|d 163691
|